000 01213nam a22002657a 4500
005 20130927120705.0
008 090408t xxu||||| |||| 00| 0 hin d
010 _aHIN-97371 B-503154
020 _a9789350721704
_c225.00
035 _aHN-69717 B-503154
037 _bDBAD / PUB
037 _bप्रकाशन संस्थान
040 _aDPL
_bHN
082 _a821
100 _927482
_aराना, मुनव्वर
245 _aशहदाबा /
_cमुनव्वर राना
246 _aShahdaa
_bby Munawwar Rana
260 _aनई दिल्ली
_bवाणी प्रकाशन
_c2012
270 _a4695, 21-ए, दरियागंज
_bनई दिल्ली
_e110002
_k9111 2327317
_mvaniprakashan.in
_l91 11 23275710
300 _a111पृ.
_c22 सेमी (सजिल्द)
650 _91169
_aहिन्दी कविताएँ
650 _aHindi Poetry
_953560
942 _adpl
_cHN
_2ddc
_mरानामु
_h821
999 _c71331
_d71331